000
00208 a2200097 4500
001
46771
100
_a
Montgomery R
245
_a
Kent Barstow
260
_a
New York
_b
Duell Sloan
_c
090
_c
29865
_d
29865
942
_a
NUST-CAE
_c
M
_c
22074
999
_c
281844
_d
281844